00419 2200169 4500001002100000005001500021008004100036020001800077035001900095041000700114082001400121090001400135100003100149245001500180260003000195300002400225INLIS00000000001517620241224114902241224||||||||| | ||| |||| || |  a602-7993-61-8 0010-1224015176 aid0 a155 EWA b a155 EWA b0 aEwa Molika Sitompul AM.Keb00aBubba Game aJakartabArena Kidsc2014 a176 hlm; 15 x 23 cm